000 00713nam a2200289Ia 4500
005 20260324112444.0
008 008 260324s9999 xx 000 0 eng d
020 _a9781032648392
037 _aEBOOK
040 _aCRL
040 _beng
040 _cCRL
041 _2eng
041 _aeng
084 _qCRL
100 _aEric Yang
_91142768
245 0 _aExemplars, Imitation, and Character Formation
245 2 _bA Philosophical, Psychological, and Christian Inquiry
260 _bTaylor and Francis
260 _c2024
365 _a
365 _b230
856 _uhttp://www.taylorfrancis.com/books/9781032648392
942 _cEBOOK
999 _c1731985
_d1731985